LEADER 00943nam0-22003371i-450- 001 990000786690403321 005 20001010 035 $a000078669 035 $aFED01000078669 035 $a(Aleph)000078669FED01 035 $a000078669 100 $a20001010d--------km-y0itay50------ba 101 0 $aita 105 $ay-------001yy 200 1 $aElea-Vella$epolis, zecca e monete di bronzo$fFurio Di Bello 210 $aNapoli$cVittorio Pironti$d1997 215 $aXIX, 459 p.$cin parte ill., tab.$d30 cm 610 0 $aMONETAZIONE ARCAICA 610 0 $aNUMISMATICA ARCAICA 610 0 $aELEA$aVELIA$apolis 610 0 $aELEA$aVELIA$amonete di bronzo 610 0 $aELEA$aVELIA$aZecca 700 1$aDi Bello,$bFurio$038946 801 0$aIT$bUNINA$gRICA$2UNIMARC 901 $aBK 912 $a990000786690403321 952 $aGEN C 48$b8216$fFARBC 959 $aFARBC 996 $aElea-Vella$9350511 997 $aUNINA DB $aING01 LEADER 02657nam 22004575 450 001 996354431703316 005 20220722173818.0 010 $a3-407-36708-2 035 $a(CKB)4930000000056872 035 $a5c84e9d5-f7ec-4b72-b4b2-646eb0dd2d03 035 $a(EXLCZ)994930000000056872 100 $a20191009d2019 ||| | 101 0 $ager 135 $auruuu---uuuuu 181 $ctxt$2rdacontent 182 $cc$2rdamedia 183 $acr$2rdacarrier 200 10$aBarcamps & Co. $ePeer to Peer-Methoden für Fortbildungen 205 $a1. Aufl. 210 31$aWeinheim$cBeltz Verlagsgruppe$d2019 215 $aOnline-Ressource (239 S.) 300 $aPublicationDate: 20191009 311 $a3-407-36699-X 330 $aBiographical note: Jöran Muuß-Merholz ist Diplom-Pädagoge mit einem Schwerpunkt auf Lernen und Lehren im digitalen Wandel. Er gilt als Experte und Wegbereiter für die Arbeit mit digitalen Materialien, insbesondere mit Open Educational Resources (OER). 330 $aLong description: Die traditionellen Formate von Weiterbildung sind zu langsam und zu unflexibel, um angemessen auf die rasanten und unvorhersehbaren Veränderungen der heutigen Arbeits- und Bildungswelt zu reagieren. Die heutige Praxis braucht passende Formate, in denen Praktiker*innen miteinander und voneinander lernen und Expert*innen der Praxis ihre Erfahrungen untereinander teilen. Dieses Buch gibt konkrete Anleitungen und Tipps für Selbstlernende und diejenigen, die sie dabei unterstützen. Ausgangspunkt ist das Format Barcamp, dessen Vorbereitung und Durchführung Schritt für Schritt beschrieben wird. Im zweiten Teil des Buchs werden 10 weitere Formate für die Selbstfortbildung in kompakten Steckbriefen vorgestellt. Zahlreiche Tipps und Tricks, Materialien und Details, Vorlagen und Checklisten unterstützen bei der konkreten Umsetzung. 330 $aQuote: »Der ideale Begleiter für alle, die ein Barcamp organisieren wollen. Wer erstmals an einem Barcamp teilnehmen möchte, aber nicht genau weiß, was ihn da überhaupt erwartet, kann ebenfalls bedenkenlos zu diesem Titel greifen. Die Lektüre lohnt sich auf jeden Fall für beide Seiten.« Stephan Lamprecht, management-journal.de, 28.10.2019 606 $aMethoden 606 $aWeiterbildung 606 $aFortbildung 606 $aWorkshops 606 $aUnkonferenz 615 00$aMethoden 615 00$aWeiterbildung 615 00$aFortbildung 615 00$aWorkshops 615 00$aUnkonferenz 700 $aMuuß-Merholz$b Jöran$4aut$01244256 906 $aBOOK 912 $a996354431703316 996 $aBarcamps & Co$92894043 997 $aUNISA LEADER 01230nam 2200337 450 001 9910637200803321 010 $a3-428-55216-4 035 $a(CKB)4100000008483852 035 $a(MiAaPQ)EBC5801107 035 $a(EXLCZ)994100000008483852 100 $a20190802d2017 uy 0 101 0 $ager 135 $aurcnu|||||||| 181 $ctxt$2rdacontent 182 $cc$2rdamedia 183 $acr$2rdacarrier 200 10$aStudien zur Entwicklung der okonomischen Theorien XXXII $eGerman influences on American economic thought and American influences on German economic thought = Deutsche Einflu?sse auf amerikanisches wirtschaftswissenschaftliches Denken und amerikanische Einflusse auf deutsches Wirtschaftsdenken /$fvon Nicholas Balabkins [and eight others] 210 1$aBerlin :$cDuncker & Humblot,$d2017. 215 $a1 online resource (448 pages) 311 $a3-428-15216-6 606 $aEconomics$zGermany 615 0$aEconomics 676 $a330 700 $aBalabkins$b Nicholas$0234109 801 0$bMiAaPQ 801 1$bMiAaPQ 801 2$bMiAaPQ 906 $aBOOK 912 $a9910637200803321 996 $aStudien zur Entwicklung der okonomischen Theorien XXXII$92999766 997 $aUNINA